000 00735nam a2200241 a 4500
001 59337
003 BD-RjUL
005 20211209080722.0
008 161222s1965 enka b 001 0 eng
035 _a(BD-RjUL)59461
040 _aDLC
_cDLC
_dBD-RjUL
_beng
041 _aeng
082 0 0 _a158.7
_223
_bMAP 1965
100 1 _aMaier, Norman R. F.
_q(Norman Raymond Frederick),
_d1900-1977.
_9176485
245 1 0 _aPsychology in industry /
_c[by] Norman R. F. Maier.
260 _aBoston :
_bHoughton Mifflin,
_c[1965]
300 _axiv, 718 p. ;
_bill. ;
_c25 cm.
500 _aIncludes index
650 0 _aPsychology, Industrial.
_9176486
650 0 _aPersonnel management.
_9170518
942 _2ddc
_cBK
999 _c59337
_d59337